Normal view
MARC view
- السيد، حسن بن عبدالرحيم
Entry Personal Name
001 - CONTROL NUMBER
- control field: 53109
003 - CONTROL NUMBER IDENTIFIER
- control field: JO-AjAnu
005 - DATE AND TIME OF LATEST TRANSACTION
- control field: 20230606082726.0
008 - FIXED-LENGTH DATA ELEMENTS
- fixed length control field: 230606|| aca||aabn | a|a d
040 ## - CATALOGING SOURCE
- Original cataloging agency: JO-AjAnu
- Transcribing agency: JO-AjAnu
100 ## - HEADING--PERSONAL NAME
- Personal name: السيد، حسن بن عبدالرحيم
670 ## - SOURCE DATA FOUND
- Source citation: Work cat.: (JO-AjAnu)27135: السيد، حسن بن عبدالرحيم, author, مجموعة الوثاق الدستورية لدولة قطر: تشريعات